书目信息 |
| 题名: |
中国零售药店发展研究
|
|
| 作者: | 刘忠良 , 代航 主编 | |
| 分册: | ||
| 出版信息: | 厦门 厦门大学出版社 2018 |
|
| 页数: | 222页 | |
| 开本: | 24cm | |
| 丛书名: | ||
| 单 册: | ||
| 中图分类: | F717.5 | |
| 科图分类: | ||
| 主题词: | 药品--专业商店--零售商店--商业经营--研究--中国 | |
| 电子资源: | ||
| ISBN: | 978-7-5615-6885-9 | |
| 000 | 00911nam0 2200241 450 | |
| 001 | 012001003451 | |
| 005 | 20140926114740.0 | |
| 010 | @a978-7-5615-6885-9@dCNY80.00 | |
| 100 | @a20180714d2018 em y0chiy50 ea | |
| 101 | 0 | @achi |
| 102 | @aCN@b350000 | |
| 105 | @aa z 000yy | |
| 106 | @ar | |
| 200 | 1 | @a中国零售药店发展研究@9zhong guo ling shou yao dian fa zhan yan jiu@f刘忠良,代航主编 |
| 210 | @a厦门@c厦门大学出版社@d2018 | |
| 215 | @a222页@c照片@d24cm | |
| 330 | @a本书内容包括中国药店业态、销售渠道、品类管理、慢病管理、专业化建设、智能药房、技术带动的管理创新、中药营销管理等,书中对这些方面内容进行了阐述,并对中国零售药店的发展未来作了很好的展望与勾勒。 | |
| 606 | 0 | @a药品@x专业商店@x零售商店@x商业经营@x研究@y中国 |
| 690 | @aF717.5@v5 | |
| 701 | 0 | @a刘忠良@9liu zhong liang@4主编 |
| 701 | 0 | @a代航@9Dai Hang@4主编 |
| 801 | 0 | @aCN@b上海新华@c20180901 |
| 905 | @b1162879-83@dF717.5@e1069@f5 | |
| 中国零售药店发展研究/刘忠良,代航主编.-厦门:厦门大学出版社,2018 |
| 222页:照片;24cm |
| ISBN 978-7-5615-6885-9:CNY80.00 |
| 本书内容包括中国药店业态、销售渠道、品类管理、慢病管理、专业化建设、智能药房、技术带动的管理创新、中药营销管理等,书中对这些方面内容进行了阐述,并对中国零售药店的发展未来作了很好的展望与勾勒。 |
| ● |
| 相关链接 |
|
|
|
|
正题名:中国零售药店发展研究
索取号:F717.5/1069
 
预约/预借
| 序号 | 登录号 | 条形码 | 馆藏地/架位号 | 状态 | 备注 |
| 1 | 1162879 | 211628791 | 第一样本阅览室/ [索取号:F717.5/1069] | 在馆 | |
| 2 | 1162880 | 211628808 | 密集书库-海洋学院/ [索取号:F717.5/1069] | 在馆 | |
| 3 | 1162881 | 211628817 | 第一借阅区/ [索取号:F717.5/1069] | 在馆 | |
| 4 | 1162882 | 211628826 | 第一借阅区/ [索取号:F717.5/1069] | 在馆 | |
| 5 | 1162883 | 211628835 | 第一借阅区/ [索取号:F717.5/1069] | 在馆 |